LEADER 00865nam a2200205 i 4500 001 000000061011 003 CaOOAMICUS 005 20251028161428.0 008 140718s1974 it u000 u ita u 040 $aSeMil$bita 100 1 $aHugon, Augusto Armand.$0(OLS)http://semarc/name/31014 245 10$aDall'adesione alla Riforma all'Emancipazione (1532-1848) /$cAugusto Armand Hugon. 300 $a327 p., [79] p. di tav., [2] c. geogr. 490 0 $aStudi storici 773 0 $tStoria dei valdesi.$dTorino : Claudiana, copyr. 1974-copyr. 1980.$g2$w()30175 830 0$aStudi storici.$0(OLS)http://semarc/title/6527 850 $aSeMil 852 $aSeMil$W1$xVenegono$y1$m3A V 127/2$j263936$B27164$CSeMilBibl$Z2$F27167 $81 996 $6245$aDall'adesione alla Riforma all'Emancipazione (1532-1848)$9(OLS)http://semarc/title/95766 LEADER 00909nam a2200229 i 4500 001 000000232733 003 CaOOAMICUS 005 20140904000000.0 008 140904s1978 it u000 u ita u 013 $a211636 040 $aSeMil$bita 100 1 $aLack, Rémi.$0(OLS)http://semarc/name/54356 245 10$aLetture strutturaliste dell'antico testamento /$cRémi Lack. 260 $aRoma :$bBorla,$cstampa 1978. 300 $a161 p. ;$c21 cm. 490 0 $aRicerche teologiche 650 4$aBibbia - Analisi narrativa e linguistica.$0(OLS)http://semarc/subject/4851 830 0$aRicerche teologiche.$0(OLS)http://semarc/title/457391 850 $aSeMil 852 $aSeMil$W1$xVenegono$y1$m2Z II 258$j183079$B183079$CSeMilBibl$Z2$F194053 $81 996 $6245$aLetture strutturaliste dell'antico testamento$9(OLS)http://semarc/title/332054 996 $6260$aRoma :$bBorla$9(OLS)http://semarc/publisher/29677